[Event "Sunway Sitges Open 2018"]
[Site "Sitges ESP"]
[Date "2018.12.19"]
[Round "6.24"]
[White "Shubin, Kirill"]
[Black "Romanishin, Oleg M"]
[Result "1/2-1/2"]
[WhiteTitle "FM"]
[BlackTitle "GM"]
[WhiteElo "2334"]
[BlackElo "2451"]
[WhiteFideId "34119962"]
[BlackFideId "14100088"]
[EventDate "2018.12.14"]

1. e4 e5 2. Nf3 Nc6 3. Bb5 a6 4. Ba4 Nf6 5. O-O Be7 6. Re1 d6 7. Bxc6+ bxc6 8.
d4 exd4 9. Nxd4 Bd7 10. c4 O-O 11. Nc3 Re8 12. Qf3 Qb8 13. b3 Qb6 14. Nf5 Bxf5
15. Qxf5 g6 16. Qf3 Nd7 17. Bb2 Ne5 18. Qe2 Bf6 19. Na4 Qa7 20. Rad1 Re6 21. c5
Nd7 22. Ba3 Nxc5 23. Bxc5 dxc5 24. Qc4 Bd4 25. b4 Re5 26. Kh1 Re7 27. Re2 Qb7
28. bxc5 Qb5 29. Qc2 Be5 1/2-1/2

[Event "Sunway Sitges Open 2018"]
[Site "Sitges ESP"]
[Date "2018.12.19"]
[Round "6.25"]
[White "Wang, Kevin"]
[Black "Sreeshwan, Maralakshikari"]
[Result "1-0"]
[WhiteTitle "IM"]
[WhiteElo "2449"]
[BlackElo "2244"]
[WhiteFideId "2008424"]
[BlackFideId "46664521"]
[EventDate "2018.12.14"]

1. d4 d5 2. c4 c6 3. Nf3 Nf6 4. e3 e6 5. b3 Nbd7 6. Bb2 b6 7. Bd3 Bd6 8. O-O O-O
9. Nc3 Bb7 10. Qc2 Re8 11. e4 e5 12. exd5 cxd5 13. cxd5 Rc8 14. dxe5 Nxe5 15.
Qd1 Nxf3+ 16. Qxf3 Nxd5 17. Bc4 Rxc4 18. bxc4 Qh4 19. h3 Nxc3 20. Qxb7 Ne2+ 21.
Kh1 Qf4 22. g3 Qf5 23. Qg2 h6 24. Rad1 Bb4 25. Rd5 Qc2 26. Re5 Rxe5 27. Bxe5
Qxc4 28. Rd1 f6 29. Qf3 Qxa2 30. Bxf6 gxf6 31. Qg4+ Kf7 32. Qxb4 Qe6 33. Kh2 a5
34. Qb2 Qe5 35. Qxb6 Nxg3 36. Qb3+ 1-0

[Event "Sunway Sitges Open 2018"]
[Site "Sitges ESP"]
[Date "2018.12.19"]
[Round "6.78"]
[White "Ruiz Gonzalez, Jorge"]
[Black "Kairbekova, Amina"]
[Result "1/2-1/2"]
[BlackTitle "WCM"]
[WhiteElo "2083"]
[BlackElo "1905"]
[WhiteFideId "24536458"]
[BlackFideId "13712799"]
[EventDate "2018.12.14"]

1. e4 e6 2. d4 d5 3. Bd3 dxe4 4. Bxe4 Nf6 5. Bf3 c5 6. Ne2 Nc6 7. Be3 cxd4 8.
Nxd4 Ne5 9. Nc3 Be7 10. Ndb5 Nxf3+ 11. gxf3 Bd7 12. Nd6+ Bxd6 13. Qxd6 Bc6 14.
Qxd8+ Rxd8 15. Rg1 O-O 16. Bg5 Kh8 17. Ne4 Bxe4 18. fxe4 Rc8 19. Bxf6 gxf6 20.
O-O-O Rc7 21. Rd3 Rg8 22. Rgg3 Rxg3 23. hxg3 Kg7 24. Kd2 a6 25. Rc3 Rd7+ 26. Ke3
Kg6 27. Rc5 f5 28. exf5+ exf5 29. b4 h5 30. a4 Kg5 31. b5 axb5 32. axb5 Kf6 33.
f4 Re7+ 34. Kf3 Rd7 35. c4 Rd3+ 36. Kg2 Rc3 37. Rc7 b6 38. Rc6+ Kg7 39. Kh3 f6
40. Kg2 Kg6 41. Rxb6 Rxc4 42. Rb8 Kg7 43. b6 Rc2+ 44. Kf3 Rc3+ 45. Kf2 Rc2+ 46.
Ke3 Rc3+ 47. Kd4 Rxg3 48. b7 Rb3 49. Kc5 h4 50. Kc6 h3 51. Ra8 h2 52. Ra1 Rc3+
53. Kd7 Rb3 54. Kc8 Rc3+ 55. Kd7 Rb3 56. Kc7 Rc3+ 57. Kb6 Rb3+ 58. Ka7 Kh6 59.
Rh1 Kh5 60. Rxh2+ Kg4 61. Rh6 Kxf4 62. Rxf6 Rxb7+ 63. Kxb7 Ke5 64. Rb6 f4 65.
Kc6 f3 66. Rb1 Kd4 67. Rd1+ Ke3 68. Kd5 Ke2 1/2-1/2

[Event "Sunway Sitges Open 2018"]
[Site "Sitges ESP"]
[Date "2018.12.20"]
[Round "7.1"]
[White "Petrosyan, Manuel"]
[Black "Alonso Rosell, Alvar"]
[Result "1/2-1/2"]
[WhiteTitle "GM"]
[BlackTitle "GM"]
[WhiteElo "2565"]
[BlackElo "2524"]
[WhiteFideId "13300857"]
[BlackFideId "2270544"]
[EventDate "2018.12.14"]

1. d4 d5 2. c4 e6 3. Nc3 Bb4 4. a3 Bxc3+ 5. bxc3 c6 6. e3 Nf6 7. a4 O-O 8. a5 c5
9. Nf3 Ne4 10. Bb2 Nc6 11. Qa4 Bd7 12. Qa2 Nf6 13. dxc5 dxc4 14. Bxc4 Ne4 15.
O-O Nxc5 16. Rfd1 Ne4 17. Qa3 Nf6 18. Bb5 Qc7 19. c4 a6 20. Ba4 Rfd8 21. Bc2 Be8
22. Rdb1 Rab8 23. Qc5 Nd7 24. Qh5 h6 25. Qg4 e5 26. Qf5 g6 27. Qh3 Kg7 28. Qg3
f6 29. Bc3 Ne7 30. Rb4 Kh7 31. Nh4 Nf8 32. f4 Nd5 33. fxe5 Nxc3 34. Qe1 Nd5 35.
cxd5 Qxc2 36. Rc1 Qd3 37. Rd1 Qa3 38. exf6 Bf7 39. e4 Qxa5 40. Nf3 b5 41. Qh4 h5
42. Rbd4 Qb6 43. Kh1 Rbc8 44. Qf4 Rc4 45. Rxc4 bxc4 46. Ng5+ Kg8 47. Nxf7 Kxf7
48. e5 Kg8 49. Qxc4 Qe6 50. Qd4 Qf5 51. h3 Nd7 52. f7+ Qxf7 53. e6 Qf6 54. exd7
Qxd4 55. Rxd4 Rxd7 56. Ra4 Rxd5 57. Rxa6 1/2-1/2

[Event "Sunway Sitges Open 2018"]
[Site "Sitges ESP"]
[Date "2018.12.20"]
[Round "7.2"]
[White "Nihal, Sarin"]
[Black "Sasikiran, Krishnan"]
[Result "0-1"]
[WhiteTitle "GM"]
[BlackTitle "GM"]
[WhiteElo "2576"]
[BlackElo "2673"]
[WhiteFideId "25092340"]
[BlackFideId "5004985"]
[EventDate "2018.12.14"]

1. Nf3 Nf6 2. c4 g6 3. Nc3 Bg7 4. e4 d6 5. d4 O-O 6. Be2 e5 7. dxe5 dxe5 8. Qxd8
Rxd8 9. Bg5 Re8 10. Nd5 Nxd5 11. cxd5 c6 12. Bc4 cxd5 13. Bxd5 Nd7 14. Nd2 Nc5
15. Be3 Nd3+ 16. Ke2 Nf4+ 17. Bxf4 exf4 18. Rac1 Bxb2 19. Rc7 Be6 20. Bxe6 Rxe6
21. Rxb7 Bc3 22. Rc1 Bxd2 23. Kxd2 Rxe4 24. Rcc7 Rd8+ 25. Kc3 Rf8 26. Rb4 Rxb4
27. Kxb4 Re8 28. Rc2 Re5 29. f3 Kg7 30. Kc4 g5 31. Kd3 Ra5 32. Ke2 Kg6 33. Kf2
h5 34. h3 f6 35. Rb2 Ra3 36. Rc2 Ra5 37. Kg1 Kf5 38. Kf2 g4 39. hxg4+ hxg4 40.
fxg4+ Kxg4 41. Rb2 Ra3 42. Rc2 f5 43. Rd2 a6 44. Rc2 a5 45. Rd2 f3 46. g3 Ra4
47. Rc2 Re4 0-1

[Event "Sunway Sitges Open 2018"]
[Site "Sitges ESP"]
[Date "2018.12.20"]
[Round "7.3"]
[White "Harutyunian, Tigran K."]
[Black "Indjic, Aleksandar"]
[Result "1/2-1/2"]
[WhiteTitle "IM"]
[BlackTitle "GM"]
[WhiteElo "2528"]
[BlackElo "2620"]
[WhiteFideId "13303635"]
[BlackFideId "911925"]
[EventDate "2018.12.14"]

1. Nf3 c5 2. c4 Nf6 3. Nc3 Nc6 4. e3 e6 5. d4 cxd4 6. exd4 d5 7. Bd3 dxc4 8.
Bxc4 Bb4 9. O-O O-O 10. Bg5 h6 11. Bh4 Be7 12. a3 Nh5 13. Bxe7 Nxe7 14. d5 1/2-1/2

[Event "Sunway Sitges Open 2018"]
[Site "Sitges ESP"]
[Date "2018.12.20"]
[Round "7.4"]
[White "Andreikin, Dmitry"]
[Black "Kelires, Andreas"]
[Result "1-0"]
[WhiteTitle "GM"]
[BlackTitle "GM"]
[WhiteElo "2719"]
[BlackElo "2535"]
[WhiteFideId "4158814"]
[BlackFideId "5900727"]
[EventDate "2018.12.14"]

1. e4 c5 2. Nc3 a6 3. Nge2 Nf6 4. g3 b5 5. Bg2 Bb7 6. Nd5 Nc6 7. Nxf6+ gxf6 8.
O-O e6 9. d3 Bd6 10. c3 h5 11. h4 Qb6 12. d4 Ne7 13. Nf4 f5 14. Nxh5 O-O-O 15.
e5 Bc7 16. Bg5 Nc6 17. Bxd8 Rxd8 18. Rc1 cxd4 19. cxd4 Nxd4 20. Nf6 d6 21. exd6
Rxd6 22. Ne8 Nf3+ 23. Bxf3 Rxd1 24. Rfxd1 Bxf3 25. Rd6 Qxd6 26. Nxd6+ Kd7 27.
Nxf7 1-0

[Event "Sunway Sitges Open 2018"]
[Site "Sitges ESP"]
[Date "2018.12.20"]
[Round "7.6"]
[White "Edouard, Romain"]
[Black "Lopez Martinez, Josep Manuel"]
[Result "1-0"]
[WhiteTitle "GM"]
[BlackTitle "GM"]
[WhiteElo "2644"]
[BlackElo "2580"]
[WhiteFideId "633429"]
[BlackFideId "2212943"]
[EventDate "2018.12.14"]

1. d4 Nf6 2. c4 e6 3. Nc3 Bb4 4. Nf3 c5 5. g3 cxd4 6. Nxd4 Ne4 7. Qc2 Nxc3 8.
bxc3 Be7 9. Bg2 a6 10. Bf4 O-O 11. Rb1 Nc6 12. O-O Na5 13. Qd3 d6 14. Nb3 Nc6
15. Rfd1 Ne5 16. Qd4 f6 17. c5 d5 18. Bxe5 fxe5 19. Qxe5 Bf6 20. Qe3 Qc7 21. Qd3
a5 22. c4 a4 23. Nd2 d4 24. Ne4 e5 25. e3 Be7 26. exd4 Bf5 27. Rb5 exd4 28. Qxd4
Rad8 29. Nd6 Bc8 30. Bxb7 Bxb7 31. Rxb7 Qxb7 32. Nxb7 Rxd4 33. Rxd4 Rc8 34. Rd5
a3 35. Kf1 Rb8 36. c6 Kf7 37. c5 Ke6 38. Rd6+ Ke5 39. c7 Rc8 40. f4+ Kf5 41. Rc6 1-0

[Event "Sunway Sitges Open 2018"]
[Site "Sitges ESP"]
[Date "2018.12.20"]
[Round "7.7"]
[White "Praggnanandhaa, R"]
[Black "Vocaturo, Daniele"]
[Result "1/2-1/2"]
[WhiteTitle "GM"]
[BlackTitle "GM"]
[WhiteElo "2530"]
[BlackElo "2629"]
[WhiteFideId "25059530"]
[BlackFideId "813192"]
[EventDate "2018.12.14"]

1. e4 e5 2. Nf3 Nf6 3. Nxe5 d6 4. Nf3 Nxe4 5. Nc3 Nxc3 6. dxc3 Be7 7. Be3 Nd7 8.
Qd2 O-O 9. O-O-O Nf6 10. Bd3 c5 11. Rhe1 Be6 12. Kb1 Qa5 13. c4 Qxd2 14. Bxd2 h6
15. h3 d5 16. Ne5 Rfd8 17. cxd5 Bxd5 18. g4 Kf8 19. g5 hxg5 20. Bxg5 Rd6 21. Re2
Be6 22. Rde1 Nd5 23. h4 Bxg5 24. hxg5 Nf4 25. Re4 Nxd3 26. Nxd3 Rad8 27. Kc1 b6
28. Rh4 g6 29. Reh1 Ke7 30. Re1 Kf8 31. Reh1 Ke7 32. Re1 Kf8 1/2-1/2

[Event "Sunway Sitges Open 2018"]
[Site "Sitges ESP"]
[Date "2018.12.20"]
[Round "7.8"]
[White "Romanov, Evgeny"]
[Black "Krishna Teja, N"]
[Result "1/2-1/2"]
[WhiteTitle "GM"]
[BlackTitle "IM"]
[WhiteElo "2614"]
[BlackElo "2340"]
[WhiteFideId "4148843"]
[BlackFideId "5001498"]
[EventDate "2018.12.14"]

1. c4 c6 2. d4 d5 3. e3 Nf6 4. Nc3 a6 5. Nf3 Bf5 6. Qb3 b5 7. c5 a5 8. Ne5 a4 9.
Qd1 g6 10. g4 Be6 11. Bg2 Bg7 12. O-O Qc8 13. g5 Nfd7 14. Nd3 Na6 15. Nf4 Nc7
16. Nxe6 Nxe6 17. f4 h6 18. h4 hxg5 19. hxg5 f5 20. gxf6 Nxf6 21. Qf3 g5 22.
fxg5 Nxg5 23. Qf5 Nh3+ 24. Bxh3 Rxh3 25. Qxc8+ Rxc8 26. Kg2 Rh4 27. Bd2 Kd7 28.
Rh1 Rg4+ 29. Kf3 Rf8 30. Raf1 Rg5 31. Ke2 Rg2+ 32. Ke1 Ng4 33. Rxf8 Bxf8 34. Ne2
Bh6 35. Rh3 Bg5 36. b3 axb3 37. axb3 Ke6 38. Kf1 Rf2+ 39. Ke1 Rf8 40. Rh5 Kf6
41. Rh3 Ra8 42. Rf3+ Kg6 43. Kd1 Ra2 44. Nc3 Rb2 45. Kc1 Rxb3 46. Rg3 Kh5 47.
Rh3+ Kg6 48. Rg3 Kh5 49. Rh3+ 1/2-1/2

[Event "Sunway Sitges Open 2018"]
[Site "Sitges ESP"]
[Date "2018.12.20"]
[Round "7.9"]
[White "Halkias, Stelios"]
[Black "Liang, Awonder"]
[Result "1/2-1/2"]
[WhiteTitle "GM"]
[BlackTitle "GM"]
[WhiteElo "2552"]
[BlackElo "2589"]
[WhiteFideId "4201809"]
[BlackFideId "2056437"]
[EventDate "2018.12.14"]

1. Nf3 Nf6 2. c4 c5 3. Nc3 d5 4. cxd5 Nxd5 5. e3 e6 6. Nxd5 exd5 7. b4 cxb4 8.
Bb2 Nc6 9. Nd4 Ne5 10. Bb5+ Bd7 11. Qh5 Bd6 12. Nf5 Bxb5 13. Nxg7+ Kf8 14. Bxe5
Bxe5 15. Qxe5 Rg8 16. Nf5 Qd7 17. Qd4 Rxg2 18. Qxb4+ Kg8 19. Ne7+ Kg7 20. Qd4+
f6 21. Nxd5 Rg6 22. f3 Kf7 23. Kf2 Rd8 24. Nf4 Qxd4 25. exd4 Rg5 26. d5 Rf5 27.
Rhb1 Rxf4 28. Rxb5 Rd7 29. Rab1 b6 30. Ke3 Rh4 31. R1b4 Rxh2 32. a4 Re7+ 33. Re4
Rd7 1/2-1/2

[Event "Sunway Sitges Open 2018"]
[Site "Sitges ESP"]
[Date "2018.12.20"]
[Round "7.10"]
[White "Peralta, Fernando"]
[Black "Santos Ruiz, Miguel"]
[Result "1/2-1/2"]
[WhiteTitle "GM"]
[BlackTitle "GM"]
[WhiteElo "2584"]
[BlackElo "2523"]
[WhiteFideId "105309"]
[BlackFideId "22291482"]
[EventDate "2018.12.14"]

1. d4 Nf6 2. c4 e6 3. Nf3 d5 4. Nc3 c6 5. e3 a6 6. b3 Bb4 7. Bd2 b6 8. Bd3 Bb7
9. O-O dxc4 10. bxc4 c5 11. Rb1 O-O 12. Qe2 Nbd7 13. Ne5 Qc7 14. f4 Rad8 15.
Rfd1 1/2-1/2

[Event "Sunway Sitges Open 2018"]
[Site "Sitges ESP"]
[Date "2018.12.20"]
[Round "7.11"]
[White "Adly, Ahmed"]
[Black "Stella, Andrea"]
[Result "1-0"]
[WhiteTitle "GM"]
[BlackTitle "GM"]
[WhiteElo "2626"]
[BlackElo "2503"]
[WhiteFideId "10601619"]
[BlackFideId "827061"]
[EventDate "2018.12.14"]

1. Nf3 d5 2. d4 Nf6 3. c4 e6 4. g3 dxc4 5. Bg2 c5 6. O-O Nc6 7. Qa4 Bd7 8. Qxc4
b5 9. Qd3 c4 10. Qc2 Be7 11. Nc3 Rc8 12. Bg5 a6 13. a3 O-O 14. e4 h6 15. Bf4 b4
16. axb4 Nxb4 17. Qe2 Qb6 18. Ne5 Nd3 19. Be3 Bb5 20. b3 1-0

[Event "Sunway Sitges Open 2018"]
[Site "Sitges ESP"]
[Date "2018.12.20"]
[Round "7.12"]
[White "Inarkiev, Ernesto"]
[Black "Di Nicolantonio, Lucas"]
[Result "1-0"]
[WhiteTitle "GM"]
[BlackTitle "FM"]
[WhiteElo "2693"]
[BlackElo "2389"]
[WhiteFideId "4162722"]
[BlackFideId "680460"]
[EventDate "2018.12.14"]

1. d4 d5 2. c4 e6 3. Nf3 c6 4. g3 dxc4 5. Bg2 b5 6. Ne5 Bb7 7. a4 a6 8. O-O Nf6
9. b3 cxb3 10. Nc3 b4 11. Ne4 Nxe4 12. Bxe4 Ra7 13. Be3 c5 14. Bxb7 Rxb7 15.
dxc5 Qc7 16. Bf4 Nc6 17. Ng6 e5 18. Nxh8 exf4 19. Qxb3 g6 20. Qc4 Bg7 21. Nxf7
Qxf7 22. Qe4+ Kf8 23. Qxc6 Bxa1 24. Rxa1 b3 25. Qd6+ Kg8 26. c6 b2 27. Qd8+ Kg7
28. Rb1 Qa2 29. Qd4+ Kg8 30. Qd8+ Kf7 31. Kg2 Qxb1 32. Qd5+ Kg7 33. cxb7 Qc1 34.
b8=Q 1-0

[Event "Sunway Sitges Open 2018"]
[Site "Sitges ESP"]
[Date "2018.12.20"]
[Round "7.13"]
[White "Lagarde, Maxime"]
[Black "Duran Vega, Sergio"]
[Result "1-0"]
[WhiteTitle "GM"]
[BlackTitle "IM"]
[WhiteElo "2616"]
[BlackElo "2391"]
[WhiteFideId "662399"]
[BlackFideId "6501311"]
[EventDate "2018.12.14"]

1. c4 e5 2. Nc3 Nf6 3. Nf3 Nc6 4. e3 Bb4 5. Qc2 Bxc3 6. Qxc3 Qe7 7. a3 a5 8. d3
a4 9. e4 d6 10. h3 Nd7 11. Bg5 f6 12. Be3 Nc5 13. Be2 O-O 14. Rd1 Bd7 15. O-O
Ne6 16. d4 exd4 17. Nxd4 Nexd4 18. Bxd4 Nxd4 19. Rxd4 f5 20. Qd2 f4 21. c5 Rad8
22. cxd6 cxd6 23. Rxd6 Bc6 24. Rxd8 Qxd8 25. Qb4 Re8 26. Rd1 Qe7 27. Bc4+ Kf8
28. Rd6 Bxe4 29. Ba2 g5 30. Rf6+ Kg7 31. Rf7+ Qxf7 32. Bxf7 Kxf7 33. Qxa4 h6 34.
Qc4+ Re6 35. b4 Ke7 36. f3 Bc6 37. b5 Bd7 38. Qc7 b6 39. a4 1-0

[Event "Sunway Sitges Open 2018"]
[Site "Sitges ESP"]
[Date "2018.12.20"]
[Round "7.14"]
[White "Sadhwani, Raunak"]
[Black "Gordievsky, Dmitry"]
[Result "1/2-1/2"]
[WhiteTitle "IM"]
[BlackTitle "GM"]
[WhiteElo "2434"]
[BlackElo "2614"]
[WhiteFideId "35093487"]
[BlackFideId "24112798"]
[EventDate "2018.12.14"]

1. e4 c5 2. Nf3 Nc6 3. d4 cxd4 4. Nxd4 Qb6 5. Nb3 Nf6 6. Nc3 e6 7. Be2 Bb4 8.
O-O O-O 9. Qd3 Bxc3 10. bxc3 d5 11. exd5 exd5 12. Bf4 Re8 13. Rab1 Ne5 14. Qd4
Nc6 15. Qd3 Ne5 16. Qd4 Nc6 1/2-1/2

[Event "Sunway Sitges Open 2018"]
[Site "Sitges ESP"]
[Date "2018.12.20"]
[Round "7.15"]
[White "Seyb, Alexander"]
[Black "Santos Latasa, Jaime"]
[Result "1/2-1/2"]
[WhiteTitle "IM"]
[BlackTitle "GM"]
[WhiteElo "2419"]
[BlackElo "2584"]
[WhiteFideId "4699033"]
[BlackFideId "2293307"]
[EventDate "2018.12.14"]

1. e4 e6 2. d4 d5 3. Nc3 Bb4 4. e5 c5 5. a3 Ba5 6. b4 cxd4 7. Qg4 Kf8 8. Nb5 Bb6
9. Nf3 Ne7 10. Bd3 Nbc6 11. Qf4 Ng6 12. Bxg6 hxg6 13. Bb2 f6 14. Nbxd4 g5 15.
exf6 gxf4 16. fxg7+ Kxg7 17. Nxc6+ Qf6 18. Bxf6+ Kxf6 19. Nce5 a5 20. O-O Bc7
21. Ng4+ Ke7 22. Rfe1 1/2-1/2

[Event "Sunway Sitges Open 2018"]
[Site "Sitges ESP"]
[Date "2018.12.20"]
[Round "7.16"]
[White "Vasquez Schroeder, Rodrigo"]
[Black "Alarcon Casellas, Rolando"]
[Result "1/2-1/2"]
[WhiteTitle "GM"]
[BlackTitle "IM"]
[WhiteElo "2495"]
[BlackElo "2387"]
[WhiteFideId "3400042"]
[BlackFideId "3507610"]
[EventDate "2018.12.14"]

1. e4 e6 2. d4 d5 3. Nd2 dxe4 4. Nxe4 Nf6 5. Nxf6+ gxf6 6. Be3 b6 7. Bb5+ c6 8.
Bc4 Ba6 9. Bb3 Qd6 10. Qf3 Nd7 11. O-O-O h5 12. Kb1 O-O-O 13. Bf4 Ne5 14. Bxe5
fxe5 15. Qxf7 Kb8 16. Nf3 Be2 17. Rde1 Rd7 18. Qxe6 Bxf3 19. Qxd6+ Bxd6 20. dxe5
Bxg2 21. Rhg1 Bxe5 22. Rxe5 Rf8 23. Rxh5 Rxf2 24. a4 Kc7 25. Re1 a5 26. h4 Bh3
27. Rg1 Re7 28. Bc4 Bf5 29. Rc1 Re3 30. Rh6 Rxc2 31. Rxc2 Re1+ 32. Ka2 Bxc2 33.
b3 Rh1 34. Kb2 Bd1 35. Kc3 Rh3+ 36. Kb2 Rh2+ 37. Kc1 Bf3 38. Rf6 Bh5 39. Rf4 Kd6
40. Bd3 Be8 41. Rf8 Ke7 42. Rh8 Bf7 1/2-1/2

[Event "Sunway Sitges Open 2018"]
[Site "Sitges ESP"]
[Date "2018.12.20"]
[Round "7.17"]
[White "Garcia Ramos, Daniel"]
[Black "Sosa, Tomas ARG"]
[Result "0-1"]
[WhiteTitle "FM"]
[BlackTitle "IM"]
[WhiteElo "2304"]
[BlackElo "2488"]
[WhiteFideId "32010311"]
[BlackFideId "121576"]
[EventDate "2018.12.14"]

1. e4 e5 2. Nf3 Nc6 3. Bb5 a6 4. Ba4 Nf6 5. d3 d6 6. c3 g6 7. O-O Bg7 8. Re1 O-O
9. Nbd2 Nd7 10. Nf1 Nc5 11. Bc2 Ne6 12. Ng3 Qf6 13. Be3 Nf4 14. Qd2 Bg4 15. Bd1
h5 16. h3 Bd7 17. d4 Rad8 18. Ne2 g5 19. h4 Nxe2+ 20. Bxe2 g4 21. d5 gxf3 22.
dxc6 Bxc6 23. Bxf3 Qg6 24. Qd1 Bf6 25. Bxh5 Qxe4 26. Bf3 Qxh4 27. Bxc6 bxc6 28.
Qf3 Kg7 29. Qxc6 d5 30. Rad1 Rh8 31. Kf1 d4 32. Bc1 d3 33. g4 Qh1+ 34. Qxh1
Rxh1+ 35. Kg2 Rxe1 36. Rxe1 d2 37. Bxd2 Rxd2 38. g5 Bxg5 39. Rxe5 Bh4 40. Ra5
Rxb2 41. Rxa6 Rxf2+ 42. Kh3 Bf6 43. c4 Be5 44. a4 f5 45. Kh4 Bf4 0-1

[Event "Sunway Sitges Open 2018"]
[Site "Sitges ESP"]
[Date "2018.12.20"]
[Round "7.18"]
[White "Henderson de La Fuente, Lance"]
[Black "Chkhaidze, Nikoloz"]
[Result "1-0"]
[WhiteTitle "IM"]
[BlackTitle "FM"]
[WhiteElo "2484"]
[BlackElo "2297"]
[WhiteFideId "32096585"]
[BlackFideId "13601750"]
[EventDate "2018.12.14"]

1. e4 e5 2. Nf3 Nc6 3. Bb5 Nf6 4. O-O Nxe4 5. Re1 Nd6 6. Nxe5 Be7 7. Bf1 Nxe5 8.
Rxe5 O-O 9. d4 Bf6 10. Re1 Re8 11. Bf4 Rxe1 12. Qxe1 Ne8 13. Nc3 d6 14. Nd5 Be6
15. Nxf6+ Nxf6 16. Qa5 h6 17. Re1 c6 18. Qa3 d5 19. Bd3 Qb6 20. c3 Re8 21. h3 a6
22. Re2 Qd8 23. Qb3 Bc8 24. Qc2 Rxe2 25. Qxe2 Be6 26. Bb1 Ne4 27. f3 Qh4 28. Be5
Ng3 29. Qf2 Nf5 30. Bd3 Qxf2+ 31. Kxf2 f6 32. Bc7 Kf7 33. g4 Ne7 34. Kg3 f5 35.
Bd6 fxg4 36. hxg4 Ng8 37. Bf4 Nf6 38. Bd2 g5 39. Kf2 Ke7 40. Ke2 Kd6 41. Kd1 Kc7
42. Be1 Kd7 43. Bg3 Ke7 44. Be5 Bf7 45. Bf5 Be6 46. Bg6 Bf7 47. Bf5 Be6 48. Bd3
Bf7 49. Ke2 h5 50. Bf5 hxg4 51. Bc8 gxf3+ 52. Kxf3 b5 53. Bxf6+ Kxf6 54. Bd7 c5
55. dxc5 d4 56. cxd4 Bxa2 57. Bc6 b4 58. d5 a5 59. d6 Bb3 60. Bb5 Ke6 61. d7 Ke7
62. c6 Be6 63. Ke4 g4 64. Kd4 Kd8 65. Kc5 Kc7 66. d8=Q+ Kxd8 67. Kd6 Bd5 68. c7+ 1-0

[Event "Sunway Sitges Open 2018"]
[Site "Sitges ESP"]
[Date "2018.12.20"]
[Round "7.19"]
[White "Mullick, Raahil"]
[Black "Dragnev, Valentin"]
[Result "0-1"]
[WhiteTitle "CM"]
[BlackTitle "GM"]
[WhiteElo "2276"]
[BlackElo "2483"]
[WhiteFideId "35080350"]
[BlackFideId "1634852"]
[EventDate "2018.12.14"]

1. e4 e5 2. Nf3 Nc6 3. Bb5 a6 4. Ba4 Nf6 5. O-O Be7 6. Re1 b5 7. Bb3 d6 8. c3
Na5 9. Bc2 c5 10. d4 exd4 11. cxd4 Bg4 12. d5 Nd7 13. Nbd2 Bg5 14. h3 Bxf3 15.
Qxf3 O-O 16. g3 Re8 17. Qe2 Nb6 18. f4 Bf6 19. Qd1 Nac4 20. Nxc4 Nxc4 21. Rb1
Bd4+ 22. Kg2 Qf6 23. b3 Nb6 24. Bd2 b4 25. Bd3 Re7 26. Qc2 g6 27. Rf1 Rea7 28.
f5 Qe7 29. Qc1 Nd7 30. fxg6 fxg6 31. Bg5 Qe8 32. Bf4 Be5 33. Bg5 Nf8 34. Bh6 Bg7
35. Bf4 Rd8 36. Qc2 a5 37. Bg5 Rb8 38. Bf4 Rb6 39. Bc4 a4 40. Rbe1 axb3 41. axb3
Nd7 42. Re2 Bd4 43. Bh6 Rb8 44. h4 Ne5 45. Bf4 Rba8 46. Bxe5 Qxe5 47. Qd3 Ra1
48. Rxa1 Rxa1 49. Qf3 Qe7 50. Qg4 Kg7 51. Qe6 Qf8 52. Kh3 h5 53. Rh2 Be5 0-1

[Event "Sunway Sitges Open 2018"]
[Site "Sitges ESP"]
[Date "2018.12.20"]
[Round "7.21"]
[White "Garriga Cazorla, Pere"]
[Black "Bharath, Subramaniyam H"]
[Result "1-0"]
[WhiteTitle "IM"]
[BlackTitle "CM"]
[WhiteElo "2448"]
[BlackElo "2234"]
[WhiteFideId "32011601"]
[BlackFideId "46634827"]
[EventDate "2018.12.14"]

1. Nf3 Nf6 2. c4 b6 3. Nc3 Bb7 4. d4 g6 5. Qc2 d5 6. Bg5 dxc4 7. e4 Bg7 8. Bxc4
O-O 9. Rd1 c5 10. d5 h6 11. Bf4 Nbd7 12. h3 a6 13. a4 g5 14. Bh2 Nh5 15. e5 b5
16. axb5 axb5 17. Bxb5 Nb6 18. O-O Nxd5 19. Nxd5 Bxd5 20. Bc4 e6 21. Bxd5 exd5
22. Qxc5 Qa5 23. Qc2 Rac8 24. Qf5 Qb4 25. Rxd5 Qxb2 26. Rd2 Qb4 27. Rd4 Rc4 28.
Rxc4 Qxc4 29. Nxg5 hxg5 30. Qxg5 Qe2 31. g4 f6 32. Qxh5 fxe5 33. Bg3 Rf3 34. Qg5
Rd3 35. Rc1 Rd1+ 36. Rxd1 Qxd1+ 37. Kh2 Qf3 38. Qe3 Qf7 39. Qe4 Qe6 40. h4 Kf7
41. Kh3 Qa6 42. Qf5+ Kg8 43. h5 Qc6 44. Kh2 e4 45. g5 Qe8 46. h6 Bf8 47. Kg2 e3
48. Qd5+ Kh7 49. Qd3+ Qg6 50. Qxe3 Qc6+ 51. f3 Qc2+ 52. Kh3 Qf5+ 53. Kh4 Qf7 54.
Qe4+ Kg8 55. h7+ Kh8 56. Be5+ Bg7 57. Bxg7+ Kxg7 58. g6 Qf6+ 59. Kg4 Qf8 60. f4
Qd8 61. h8=Q+ Kxh8 62. Qh1+ Kg7 63. Qh7+ 1-0

[Event "Sunway Sitges Open 2018"]
[Site "Sitges ESP"]
[Date "2018.12.20"]
[Round "7.22"]
[White "Sarkar, Justin"]
[Black "Xu, Xiangyu"]
[Result "1/2-1/2"]
[WhiteTitle "IM"]
[BlackTitle "GM"]
[WhiteElo "2332"]
[BlackElo "2565"]
[WhiteFideId "2010011"]
[BlackFideId "8608288"]
[EventDate "2018.12.14"]

1. d4 d5 2. c4 e6 3. Nc3 Bb4 4. Nf3 Ne7 5. Qa4+ Nbc6 6. e3 O-O 7. Bd2 Ng6 8. a3
Bxc3 9. Bxc3 Nce7 10. Bd3 Bd7 11. Qc2 dxc4 12. Bxc4 Bc6 13. h4 Nf5 14. h5 Ngh4
15. Nxh4 Nxh4 16. f3 Nf5 17. Qf2 Qg5 18. e4 Qe3+ 19. Be2 Qxf2+ 20. Kxf2 Nd6 21.
h6 g6 22. Rhd1 f5 23. d5 exd5 24. exd5 Bb5 25. Bxb5 Nxb5 26. Be5 Rfe8 27. f4
Rad8 28. Rac1 Rd7 29. Rc5 Nd6 30. Kf3 Kf7 31. Rdc1 Ree7 32. Bxd6 cxd6 33. Rc8
Re8 34. g4 Rde7 35. gxf5 gxf5 36. Kg3 Kg6 37. Rxe8 Rxe8 38. Rc7 Re3+ 39. Kh4 Rf3
40. Rxb7 Rxf4+ 41. Kg3 Ra4 42. Rd7 Kxh6 43. Rxd6+ Kg5 44. Rd7 h5 45. d6 h4+ 46.
Kh3 Rd4 47. Rg7+ Kh5 48. Rh7+ Kg5 49. Rg7+ Kh5 50. Rh7+ 1/2-1/2